Matters mathematical /

Guardado en:
Autor Principal: Herstein, I. N.
Otros Autores: Kaplansky, Irving, 1917-2006.
Formato: Libro
Idioma:English
Publicado: New York : Chelsea Pub. Co., 1978.
Edición:2nd ed.
Materias:
Etiquetas: Agregar Etiqueta
Sin Etiquetas, Sea el primero en etiquetar este registro!
LEADER 01152cam a2200253 a 4500
001 MAT.inmabb002729
008 771013s1978####nyua##########001#0#eng##
005 20170808185622.0
245 1 0 |a Matters mathematical /  |c I. N. Herstein, I. Kaplansky. 
250 |a 2nd ed. 
260 |a New York :  |b Chelsea Pub. Co.,  |c 1978. 
300 |a viii, 246 p. :  |b il. ;  |c 24 cm. 
500 |a Contiene el mismo texto de la 1ª ed. (1974), con adiciones y correcciones menores. 
521 8 |a "The book originates from lectures for nonmajors in mathematics which were expanded to give a text which could also be used as general introductory material for mathematics students, especially for future teachers."--Math. Rev. 
505 8 |a Capítulos: 1. Sets and functions -- 2. Number theory -- 3. Permutations -- 4. Group theory -- 5. Finite geometry -- 6. Game theory -- 7. Infinite sets. 
510 4 |a MR,  |c 58 #15763 
020 |a 0828403007 
100 1 |a Herstein, I. N. 
700 1 |a Kaplansky, Irving,  |d 1917-2006. 
650 0 |a Mathematics. 
084 |a 00A05  |2 msc2000 
010 |a  77016091  
040 |a DLC  |c DLC  |d DLC 
859 |h 00A05  |i H572  |p A-5180  |b BIB. MATEMATICA